000 00400nam a2200133Ia 4500
008 100328s9999 xx 000 0 und d
082 _b72386
100 _aओक सुनेत्रा.
245 _aदरवळ आठवणींचा
260 _bअक्षता.
630 _aदरवळ आठवणींचा
730 _aदरवळ आठवणींचा
942 _cBOOK
999 _c558107
_d558104